000 nam a22 7a 4500
999 _c50135
_d50135
003 OSt
005 20200619155437.0
008 200619b xxu||||| |||| 00| 0 eng d
040 _cIIMY UNIVERSITY
100 _aSHARMA NITIN
245 _aRESEARCH METHODOLOGY & MEDICAL STATISTICS
942 _2ddc
_c01